000 01479cam a2200361 a 4500
001 EDZ0000084931
003 StDuBDS
005 20161031105214.0
006 m||||||||d||||||||
007 cr |||||||||||
008 120516s2008 cau fo| 001|0|eng d
020 _a9781446212172 (ebook) :
_cNo price
040 _aStDuBDS
_beng
_cStDuBDS
_epn
049 _aAlfaisal Main Library
050 0 _aGV567
_b.M335 2008
082 0 4 _a306.48303
_223
100 1 _aMalcolm, Dominic,
_d1969-
245 1 4 _aThe SAGE dictionary of sports studies
_h[electronic resource] /
_cDominic Malcolm.
246 3 0 _aDictionary of sports studies
260 _aLos Angeles, [Calif.] ;
_aLondon :
_bSAGE,
_cc2008.
300 _a1 online resource (xiv, 290 p.)
520 8 _aSports studies is one of the fastest growing fields in higher education today. This book brings a timely, much-needed and comprehensive guide to the key concepts for all students in this multi-disciplinary field.
521 _aSpecialized.
588 _aDescription based on print version record.
504 _aIncludes bibliographical references and index.
650 0 _aSports
_vDictionaries.
650 0 _aSports
_xSociological aspects
_vDictionaries.
655 7 _aElectronic books.
_2local
710 2 _aSage eBooks
776 0 8 _iPrint version :
_z9781412907354
856 4 0 _uhttp://ezproxy.alfaisal.edu/login?url=http://sk.sagepub.com/reference/the-sage-dictionary-of-sports-studies
942 _2lcc
_cEBOOKS
999 _c481666
_d481666